Gaming Quiz

Random Gaming Quiz
Score 0/17 Timer 06:00
0 Plays Today
Clue Character % Correct
????
100%
????
98.3%
????
92.4%
????
65.5%
????
58.4%
????
55.4%
????
55.4%
????
51%
????
50.7%
Clue Character % Correct
????
49.4%
????
45.9%
????
45.7%
????
45.5%
????
45.4%
????
36.1%
????
35.7%
????
29.7%

You're not logged in!

Compare scores with friends on all Sporcle quizzes.
OR
Log In

Sporcle TV

Today on Sporcle TV


Watch our educational content, quiz creation guides, and fun videos on Sporcle TV.

Show Comments

Extras

Created Sep 20, 2013ReportNominate
Tags:Character, Persona

Top Quizzes Today


Score Distribution

Paid Content

Your Account Isn't Verified!

In order to create a playlist on Sporcle, you need to verify the email address you used during registration. Go to your Sporcle Settings to finish the process.

Report this User

Report this user for behavior that violates our Community Guidelines.

Details: